00940 a2200169 45000010006000000050017000060080041000230030015000640400040000790800056001192450039001752640042002143000023002565050462002790410008007411000021007496339820260407155931.0260407a1955 arg spa dAR-UNSa-BCEJYS aAR-UNSa-BCEJYSbspacAR-UNSa-BCEJYS a519.2xProbabilidades y estadística matemática 10aLa probabilidad y sus aplicaciones 1aBuenos Aires :bIbero-Americanac1955 axi, 238 p.c23 cm. a1. La definición clásica y definiciones modernas – 2. Principios fundamentales de la teoría de probabilidades – 3. Historia y problemas clásicos de la teoría de las probabilidades – 4. Aplicaciones a los juegos de azar – 5. Probabilidades geométricas – 6. Aplicaciones a la aritmética – 7. Aplicaciones a la astronomía – 8. Aplicaciones a la física – 9. Aplicaciones al tiro – 10. Aplicaciones a los seguros de vida –  aspa1 aSantalo, Luis A.